Principles of Total Quality (Record no. 3381)

MARC details
005 - DATE AND TIME OF LATEST TRANSACTION
control field 20250610060340.0
020 ## - INTERNATIONAL STANDARD BOOK NUMBER
International Standard Book Number 0-5744-326-7
082 ## - DEWEY DECIMAL CLASSIFICATION NUMBER
Classification number 658.4013 OMA
100 ## - MAIN ENTRY--PERSONAL NAME
Author name OMACHONU, V.
245 ## - TITLE STATEMENT
Title Principles of Total Quality
250 ## - EDITION STATEMENT
Edition statement 3rd Ed.
260 ## - PUBLICATION, DISTRIBUTION, ETC.
Place of publication, distribution, etc. London
Name of publisher, distributor, etc. CRC Press,
Date of publication, distribution, etc. 2004
300 ## - PHYSICAL DESCRIPTION
Extent xvi,493p.; ill.,
Other physical details Index
Dimensions 24 cm.
942 ## - ADDED ENTRY ELEMENTS (KOHA)
Source of classification or shelving scheme Dewey Decimal Classification
Koha item type Books
Holdings
Date last seen Total checkouts Full call number Barcode Cost, replacement price Price effective from Koha item type Lost status Source of classification or shelving scheme Damaged status Not for loan Withdrawn status Home library Current library Shelving location Date acquired Cost, normal purchase price
06/07/2025   658.4013 OMA DOM0001737 165000.00 06/07/2025 Books   Dewey Decimal Classification       CBE Dodoma CBE Dodoma Special Reserve Collection 05/23/2005 55000.00